| 000 | 00441nam a2200109Ia 4500 | ||
|---|---|---|---|
| 008 | 160909s9999 xx 000 0 und d | ||
| 100 | _aHerrrera, Elmer Ivan. | ||
| 245 | 4 | _aThe Mental Health Services Act of 2004 and its impact on transitional age youth served in Los Angeles County: A policy analysis | |
| 260 |
_bCalifornia State University _c2016 |
||
| 650 | _aEDUC/SPED | ||
| 856 | _uhttp://pqdtopen.proquest.com/doc/1776463398.html?FMT=ABS | ||
| 999 |
_c305098 _d305098 |
||